[Event "19th Delhi GM Open 2022"]
[Site "Delhi"]
[Date "2022.03.27"]
[Round "8.10"]
[White "Abdisalimov, Abdimalik"]
[Black "Mirzoev, Azer"]
[Result "1/2-1/2"]
[WhiteElo "2435"]
[BlackElo "2468"]
[Annotator "TA"]
[PlyCount "73"]
[EventDate "2022.03.22"]
[EventType "swiss"]
[EventCountry "IND"]
[SourceTitle "playchess.com"]
[Source "ChessBase"]
[SourceQuality "1"]

{[%evp 9,73,-10,-12,-6,-21,-17,-22,-25,0,-7,-7,-4,-16,-21,-10,-30,-15,-12,-17,-55,0,-31,-33,-43,7,0,-4,-33,-27,-35,-29,-36,-43,-36,-43,-41,-33,-41,12,18,18,8,3,0,0,0,8,0,0,0,0,0,0,0,8,0,0,0,0,0,0,0,0,0,0,0]} 1. c4 c6 2. e4 d5 3. exd5 cxd5 4. cxd5 Nf6 5. Qa4+ Nbd7 6. Bc4 {B10: Caro-Kann: 2 d3 and 2 c4.} g6 7. d3 Bg7 {[%mdl 1024] Black has compensation.} 8. Nc3 O-O 9. Nf3 {[%cal Bg1f3,Bf3g5,Bg5e4][%mdl 32]} a6 {[#] Hoping for ...b5.} 10. Qa3 b6 {[%cal Bb7b6,Bb6b5][%mdl 32]} 11. O-O Bb7 12. Re1 b5 13. Bb3 ({Of course not} 13. Qxe7 bxc4 14. dxc4 Rc8 $17) 13... Re8 14. Ng5 {14.Be3 is the fancy move.} Bf8 (14... Rc8 $1 $15) 15. d6 e6 16. Nge4 {[#]} Nd5 $146 (16... Qb8 $15) ({Predecessor:} 16... Rb8 17. Qb4 a5 18. Qd4 Bg7 19. Qa7 a4 20. Bd1 a3 21. Qxa3 b4 22. Nxf6+ Bxf6 23. Qxb4 Bxg2 {1-0 (39) Zubov,A (2630)-Laylo,D (2471) Olongapo City 2015}) 17. Bg5 $11 Qb8 18. h3 Nxc3 19. bxc3 Bxe4 20. Rxe4 Bxd6 21. Qb2 Nc5 {[%csl LRd3,LRe4]} 22. Re3 Nxb3 23. axb3 Bf4 (23... a5 $15) 24. Bxf4 {The position is equal.} Qxf4 25. b4 Red8 26. Ra5 Qc7 27. d4 Qc6 28. Qa3 h5 29. Qa2 Rd6 30. Ra3 Rd5 31. Qe2 Rad8 {[%cal Ba8d8,Bd8d6,Bd6c6][%mdl 32]} 32. Ra1 R8d6 33. Qf3 Kg7 34. g3 Qc8 35. Kg2 Rc6 {And now ...Rf5 would win.} 36. Ra3 Rf5 37. Qe4 {Weighted Error Value: White=0.05 (flawless) /Black=0.08 (flawless)} 1/2-1/2

[Event "19th Delhi GM Open 2022"]
[Site "Delhi"]
[Date "2022.03.27"]
[Round "8.11"]
[White "Mitrabha, Guha"]
[Black "Karthikeyan, P.."]
[Result "1/2-1/2"]
[WhiteElo "2510"]
[BlackElo "2396"]
[Annotator "TA"]
[PlyCount "61"]
[EventDate "2022.03.22"]
[EventType "swiss"]
[EventCountry "IND"]
[SourceTitle "playchess.com"]
[Source "ChessBase"]
[SourceQuality "1"]

{[%evp 9,61,-23,27,24,43,-45,17,10,45,45,45,45,45,46,62,81,101,100,104,101,142,124,128,139,147,71,91,15,168,177,174,143,281,240,341,271,243,0,25,0,0,-10,-16,-10,-10,-11,-22,-11,-8,-54,-59,-45,-55,-74]} 1. d4 d5 {[%cal Bd7d5,Bd5c4][%mdl 32]} 2. c4 c6 3. Nf3 Nf6 4. g3 dxc4 5. a4 e6 (5... e5 $142) 6. Bg2 $1 $11 {D11: Slav Defence: 3 Nf3 sidelines and 3...Nf6 4 e3 Bg4.} Nbd7 7. Na3 {Inhibits b5.} ({Better is} 7. O-O $14) 7... Bb4+ (7... Bxa3 $15 8. Rxa3 a5) 8. Bd2 {The position is equal.} Qe7 {[#]} (8... Bxa3 $5 9. Rxa3 b6 $11) 9. Nxc4 $146 ({Predecessor:} 9. O-O c3 10. Bxc3 Bxc3 11. bxc3 e5 12. Nc4 exd4 13. cxd4 Nb6 14. Nxb6 axb6 15. Qc2 {1-0 (54) Postny,E (2674)-Shvidler,E (2413) Israel 2009}) 9... Ne4 10. Bxb4 ({But not} 10. O-O Nxd2 11. Nfxd2 e5 $11) 10... Qxb4+ 11. Ncd2 c5 12. a5 {Ra4 is the strong threat.} (12. Rc1 {feels hotter.} Nd6 13. Qb3 Qxb3 14. Nxb3 cxd4 15. Nfxd4 Nf6 16. O-O) 12... Nxd2 13. Qxd2 Qxd2+ 14. Kxd2 Rb8 (14... cxd4 $142 15. Rhc1 (15. Nxd4 O-O $14) 15... O-O) 15. Rhc1 $16 b6 16. axb6 axb6 {[#]} 17. Ra7 ({White should try} 17. b4 $1) 17... O-O 18. b4 {White is more active.} (18. Ne5 $16 Nxe5 19. dxe5) 18... cxb4 $2 (18... Rd8 $1 $11) 19. Rcc7 $18 Rd8 20. Kc1 {[%mdl 1024] White has strong compensation.} b5 (20... e5 $16) 21. Kb2 h6 (21... b3 {was worth a try.} 22. Kxb3 b4) 22. h4 e5 {[#]} 23. Bh3 $2 ({Weaker is} 23. dxe5 Nb6 $14) (23. Nxe5 Nxe5 24. dxe5 Be6 $11) (23. d5 $1 $18) 23... e4 24. Nd2 {[%cal Rh3d7]} Nb6 {[%csl LRd4,LRh3]} 25. Bxc8 Nxc8 26. Rab7 Rxb7 27. Rxb7 Rxd4 28. Nb3 Rd8 {aiming for ...Nd6.} 29. Rxb5 (29. Rb8 $1 $11 {should be considered.}) 29... Nd6 $15 30. Rxb4 e3 $1 31. Rf4 {Weighted Error Value: White=0.35/Black=0.34} 1/2-1/2

[Event "19th Delhi GM Open 2022"]
[Site "Delhi"]
[Date "2022.03.27"]
[Round "8.12"]
[White "Arjun Kalyan"]
[Black "Bharat Kumar Reddy Poluri"]
[Result "1/2-1/2"]
[WhiteElo "2506"]
[BlackElo "2263"]
[Annotator "ChessBase"]
[PlyCount "72"]
[EventDate "2022.03.22"]
[EventType "swiss"]
[EventCountry "IND"]
[SourceTitle "playchess.com"]
[Source "ChessBase"]
[SourceQuality "1"]
[TimeControl "5400+30"]

1. e4 {[%emt 0:00:03]} e6 {[%emt 0:00:07]} 2. d4 {[%emt 0:00:03]} d5 {[%emt 0:00:05]} 3. Nc3 {[%emt 0:00:04]} Bb4 {[%emt 0:01:12]} 4. e5 {[%emt 0:00:06]} c5 {[%emt 0:00:02]} 5. a3 {[%emt 0:00:05]} Bxc3+ {[%emt 0:00:20]} 6. bxc3 {[%emt 0:00:01]} Ne7 {[%emt 0:02:12]} 7. Qg4 {[%emt 0:00:07]} Nf5 {[%emt 0:03:51]} 8. Bd3 {[%emt 0:10:46]} h5 {[%emt 0:00:04]} 9. Qf4 {[%emt 0:02:02]} Qh4 {[%emt 0:00:43]} 10. Nf3 {[%emt 0:03:32]} Qxf4 {[%emt 0:00:35]} 11. Bxf4 {[%emt 0:00:01]} cxd4 {[%emt 0:01:54]} 12. cxd4 {[%emt 0:03:13]} Nc6 {[%emt 0:00:11]} 13. c3 {[%emt 0:01:50]} Bd7 {[%emt 0:00:11]} 14. Ke2 {[%emt 0:07:49]} Rc8 {[%emt 0:02:02]} 15. Nd2 {[%emt 0:01:16]} Na5 {[%emt 0:00:51]} 16. Rhc1 {[%emt 0:00:57]} b6 {[%emt 0:09:06]} 17. g3 {[%emt 0:03:54]} Rc6 {[%emt 0:02:43]} 18. h3 {[%emt 0:01:58]} f6 {[%emt 0:07:09]} 19. exf6 {[%emt 0:11:08]} gxf6 {[%emt 0:00:15]} 20. g4 {[%emt 0:00:09]} Ne7 {[%emt 0:05:08]} 21. g5 {[%emt 0:05:05]} e5 {[%emt 0:08:14]} 22. dxe5 {[%emt 0:00:16]} fxe5 {[%emt 0:00:25]} 23. Bxe5 {[%emt 0:01:12]} Re6 {[%emt 0:01:17]} 24. f4 {[%emt 0:00:12]} O-O {[%emt 0:02:30]} 25. Ke3 {[%emt 0:09:51]} Nec6 {[%emt 0:04:58]} 26. Nf3 {[%emt 0:01:12]} Nb3 {[%emt 0:00:07]} 27. Nd4 {[%emt 0:14:13]} Ncxd4 {[%emt 0:19:32]} 28. cxd4 {[%emt 0:00:06]} Nxa1 {[%emt 0:00:06]} 29. Rxa1 {[%emt 0:01:28]} Ree8 {[%emt 0:01:34]} 30. Rc1 {[%emt 0:05:38]} Rc8 {[%emt 0:00:12]} 31. Rxc8 {[%emt 0:00:07]} Bxc8 {[%emt 0:00:17]} 32. Bd6 {[%emt 0:03:31]} Rd8 {[%emt 0:00:47]} 33. Be5 {[%emt 0:00:27]} Rf8 {[%emt 0:00:23]} 34. Bd6 {[%emt 0:00:01]} Rd8 {[%emt 0:03:16]} 35. Be5 {[%emt 0:04:09]} Rf8 36. h4 Bf5 1/2-1/2

[Event "19th Delhi GM Open 2022"]
[Site "Delhi"]
[Date "2022.03.27"]
[Round "8.13"]
[White "Fawzy, Adham"]
[Black "Aradhya, Garg"]
[Result "0-1"]
[WhiteElo "2476"]
[BlackElo "2236"]
[Annotator "TA"]
[PlyCount "70"]
[EventDate "2022.03.22"]
[EventType "swiss"]
[EventCountry "IND"]
[SourceTitle "playchess.com"]
[Source "ChessBase"]
[SourceQuality "1"]

{[%evp 13,70,31,31,34,51,53,37,-91,-95,-90,-79,-100,-104,-111,-115,-111,-114,-104,-98,-112,-84,-106,-101,-101,-65,-77,-72,-83,-77,-101,-68,-60,-64,-239,-238,-226,-233,-274,-268,-324,-323,-312,-290,-339,-332,-360,-317,-374,-375,-370,-367,-416,-418,-439,-438,-970,-956,-29979,-1227]} 1. e4 e5 2. Nf3 Nc6 {[%cal Bb8c6,Bc6a5,Ba5c6][%mdl 32]} 3. Bc4 Nf6 4. Ng5 d5 5. exd5 Na5 6. Bb5+ Bd7 7. Qe2 Be7 8. Nf3 {C58: Two Knights: 4 Ng5 d5 5 exd5 Na5 sidelines.} Nxd5 9. Bxd7+ Qxd7 10. Qxe5 (10. Nxe5 $14 {stays ahead.} Qe6 11. Nc3) 10... Nc6 $1 $17 11. Qe4 f5 12. Qc4 {[#]} g5 $1 {[#] ...g4 is the strong threat.} 13. d4 $146 ({Predecessor:} 13. O-O g4 14. Ne1 O-O-O 15. Nc3 Nb6 16. Qf7 Rdf8 17. Qh5 Rhg8 18. a4 Rg5 19. Qh6 {0-1 (29) Derouineau,J (2311)-Bismann,S (2315) ICCF email 2003}) 13... Qe6+ 14. Ne5 Nxe5 15. dxe5 Qxe5+ 16. Qe2 Qxe2+ 17. Kxe2 O-O-O 18. Re1 h5 {[%cal Bh7h5,Bh5h4,Bh4h3][%mdl 32] Black is much more active. White has bad knights.} 19. Kf1 Bf6 20. c3 h4 21. Na3 h3 22. g3 f4 $36 {[%mdl 2048] Black has some pressure.} 23. g4 $2 {Now White is beyond hope.} (23. gxf4 $15 gxf4 24. Nc2) 23... Nb6 $19 {[%cal Bd5b6,Bb6c4,Bc4e5,Be5g4,Bg4f6,Bf6e4][%mdl 32]} 24. Re6 Rhf8 25. Nc2 Nc4 26. b3 Ne5 ({Worse is} 26... Bxc3 27. bxc4 Rd1+ 28. Ke2 f3+ 29. Kxd1 $17) 27. Ba3 Rf7 28. Rxf6 Rxf6 29. Be7 Nxg4 {Threatens to win with ...Rd2.} 30. Bxf6 Nxf6 {KRN-KRN} 31. Nd4 Ne4 {aiming for ...c5.} 32. Rc1 c5 33. Nf3 g4 {[%cal Bg5g4,Bg4g3][%mdl 32]} 34. Ne5 (34. Ke2 $142) 34... g3 {( -> ...Rd2)} 35. Ng4 Rd2 {Weighted Error Value: White=0.66/Black=0.05 (flawless)} (35... g2+ $142 36. Ke2 {[#]} Nxc3+ $1 {[%mdl 512]} 37. Rxc3 g1=Q 38. Rd3 Re8+ 39. Ne3 fxe3 40. Rxe3 Rxe3+ 41. Kxe3 Qxh2 42. f4 Qg2 43. f5 h2 44. Kd3 h1=Q 45. b4 Qd1+ 46. Kc4 Qe4+ 47. Kxc5 Qed5#) 0-1

[Event "19th Delhi GM Open 2022"]
[Site "Delhi"]
[Date "2022.03.27"]
[Round "8.14"]
[White "Tahbaz, Arash"]
[Black "Manigandan, S S"]
[Result "1-0"]
[WhiteElo "2469"]
[BlackElo "2127"]
[Annotator "ChessBase"]
[PlyCount "110"]
[EventDate "2022.03.22"]
[EventType "swiss"]
[EventCountry "IND"]
[SourceTitle "playchess.com"]
[Source "ChessBase"]
[SourceQuality "1"]
[TimeControl "5400+30"]

1. d4 {[%emt 0:00:01]} Nf6 {[%emt 0:03:34]} 2. Nf3 {[%emt 0:00:05]} g6 {[%emt 0:02:41]} 3. Bg5 {[%emt 0:00:07]} Bg7 {[%emt 0:00:39]} 4. Nbd2 {[%emt 0:00:04]} d5 {[%emt 0:00:08]} 5. e3 {[%emt 0:00:05]} c5 {[%emt 0:00:28]} 6. c3 {[%emt 0:00:47]} O-O {[%emt 0:00:52]} 7. Be2 {[%emt 0:01:05]} Qb6 {[%emt 0:02:45]} 8. Qb3 {[%emt 0:00:02]} Nc6 {[%emt 0:02:12]} 9. O-O {[%emt 0:00:06]} Bg4 {[%emt 0:05:49]} 10. Bxf6 {[%emt 0:15:29]} Bxf6 {[%emt 0:00:42]} 11. Qxd5 {[%emt 0:00:30]} Qxb2 {[%emt 0:00:15]} 12. Qb3 {[%emt 0:00:14]} Qxb3 {[%emt 0:00:54]} 13. axb3 {[%emt 0:00:05]} cxd4 {[%emt 0:06:46]} 14. exd4 {[%emt 0:03:24]} Rfd8 {[%emt 0:10:39]} 15. h3 {[%emt 0:02:17]} Be6 {[%emt 0:08:07]} 16. b4 {[%emt 0:02:33]} b6 {[%emt 0:05:27]} 17. Ba6 {[%emt 0:00:06]} Bd5 {[%emt 0:03:33]} 18. Rfe1 {[%emt 0:01:27]} Rab8 {[%emt 0:02:51]} 19. Nh2 {[%emt 0:06:04]} b5 20. Ng4 Rb6 21. Ne3 e6 22. Nxd5 Rxd5 23. Ne4 Kg7 24. Nc5 e5 25. Bxb5 exd4 26. c4 Nxb4 27. cxd5 Rxb5 28. Ne4 Rxd5 29. Rxa7 d3 30. Rd1 h6 31. Rb7 Rd4 32. Nc5 Kf8 33. Kf1 Be7 34. Nd7+ Kg7 35. Ne5 Kf8 36. Ra1 Rd8 37. Rb1 Rd5 38. Nf3 Nc6 39. Rc1 Nd4 40. Nd2 Nc2 41. Rd1 Bc5 42. Ne4 Be7 43. Rc7 Nb4 44. Ra1 Re5 45. Rc4 Rd5 46. Rb1 Nc2 47. Ra4 Re5 48. Rd1 Rd5 49. Nc3 Rd8 50. Ra5 Nb4 51. Rb5 Rd4 52. Rb1 Kg7 53. Rb7 Bc5 54. Rc7 Bf8 55. Ra1 Nc2 1-0

[Event "19th Delhi GM Open 2022"]
[Site "Delhi"]
[Date "2022.03.28"]
[Round "9.1"]
[White "Gukesh D"]
[Black "Erigaisi Arjun"]
[Result "1/2-1/2"]
[WhiteElo "2614"]
[BlackElo "2633"]
[Annotator "TA"]
[PlyCount "88"]
[EventDate "2022.03.22"]
[EventType "swiss"]
[EventCountry "IND"]
[SourceTitle "playchess.com"]
[Source "ChessBase"]
[SourceQuality "1"]

{[%evp 12,88,14,5,18,21,31,0,20,0,0,0,0,-2,0,0,29,29,26,25,28,0,12,11,11,11,10,21,19,18,12,11,21,14,15,14,29,23,31,37,31,30,44,31,31,37,54,45,74,0,0,0,0,0,0,0,0,-11,-11,-11,-11,-11,-11,-12,0,0,0,0,0,0,0,0,0,0,0,0,0,0,0]} 1. e4 c5 2. Nf3 d6 3. d4 cxd4 4. Nxd4 Nf6 5. Nc3 a6 6. h3 e5 {6...e5 scores better than 6...e6.} 7. Nde2 h5 {B90: Sicilian Najdorf: Unusual White 6th moves, 6 Be3 Ng4 and 6 Be3 e5.} 8. g3 b5 {[%cal Bb7b5,Bb5b4][%mdl 32]} 9. Bg2 Bb7 10. a4 b4 11. Nd5 Nxd5 12. exd5 a5 13. O-O Nd7 14. c3 bxc3 15. Nxc3 {[%cal Be2c3,Bc3a2,Ba2b4,Bb4c6][%mdl 32]} Be7 {[#]} 16. b4 $146 ({Predecessor:} 16. f4 h4 17. g4 Qb6+ 18. Kh1 Rc8 19. g5 Rc4 20. Nb5 Ba6 21. b3 Rb4 22. Bd2 Bxb5 23. axb5 Rxb5 {1-0 (34) Rathanvel,V (2426)-Gomes,M (2344) Moscow 2020}) 16... axb4 17. Na2 Qa5 18. Bd2 $1 Qxa4 19. Qxa4 Rxa4 20. Nxb4 Rxa1 21. Rxa1 {White wants to play Ra7.} O-O 22. Ra7 Nc5 23. Nc6 Bf6 24. Ba5 {Black should prevent Bb6.} Ra8 25. Rxa8+ Bxa8 26. Bc7 Nb7 27. Bf1 $1 {[%mdl 1024] White has compensation.} h4 28. g4 Bg5 29. Bb5 e4 {[#]} 30. Kf1 {White is more active.} ({Better is} 30. Nb8 $1 $16) 30... Bf4 $11 {The position is equal.} 31. Ne7+ Kf8 32. Nc8 {Nb6 is the strong threat.} Nc5 33. Bc4 Nd3 34. Bxd6+ Bxd6 35. Nxd6 {[%mdl 4096] Endgame KBN-KBN} Nf4 {[%csl LRd5,LRh3]} 36. Nxe4 Nxh3 {With the idea ...Nf4.} 37. Nc5 $1 Ke7 {Threatens to win with ...Nf4.} 38. Nd3 {Inhibits Nf4.} Ng5 39. Kg2 Ne4 40. f4 g5 41. fxg5 Nxg5 42. Ne5 Kd6 {[%csl LRd5,LRe5]} 43. Nf3 Nxf3 44. Kxf3 Bxd5+ {Weighted Error Value: White=0.05 (flawless) /Black=0.05 (flawless)} 1/2-1/2

[Event "19th Delhi GM Open 2022"]
[Site "Delhi"]
[Date "2022.03.28"]
[Round "9.2"]
[White "Neelash Saha"]
[Black "Harsha Bharathakoti"]
[Result "1/2-1/2"]
[WhiteElo "2445"]
[BlackElo "2499"]
[Annotator "TA"]
[PlyCount "100"]
[EventDate "2022.03.22"]
[EventType "swiss"]
[EventCountry "IND"]
[SourceTitle "playchess.com"]
[Source "ChessBase"]
[SourceQuality "1"]

{[%evp 11,100,0,0,0,13,8,8,5,4,16,21,3,0,12,22,-25,-20,-15,-24,-37,-29,-71,-64,-102,-96,-98,-100,-75,-77,-95,-87,-88,-85,-86,-78,-79,-74,-68,-37,-57,-40,-39,-26,-28,-18,-18,-4,-20,-4,-25,-25,-25,-31,-46,-29,-58,-38,-115,-104,-116,-77,-77,-70,-64,-64,-70,-70,-70,-54,-59,0,0,0,0,0,0,0,0,0,0,0,0,0,0,0,0,0,0,0,0,0]} 1. e4 c5 2. Nf3 Nc6 3. Bb5 g6 4. O-O Bg7 5. c3 Nf6 6. Qe2 O-O 7. d4 {B31: Sicilian: 2...Nc6 3 Bb5 g6.} d5 8. exd5 Qxd5 {[%cal Rc5d4]} 9. Bc4 Qd6 {[%cal Rc5d4]} 10. dxc5 Qxc5 {[#]} 11. h3 $146 ({Predecessor:} 11. Nbd2 a6 12. Re1 b5 13. Bb3 Bb7 14. Bc2 Nd5 15. Nb3 Qb6 16. a4 bxa4 17. Nbd2 {0-1 (45) Schakel,C (2315)-Rawlings,A (2334) ICCF email 2010}) 11... Rd8 12. Re1 Nd5 13. Nbd2 (13. Na3 $142) 13... Nf4 $11 14. Qe4 Qf5 15. Qxf5 {Chess con chili.} Bxf5 16. Ng5 (16. Nb3 $11 Nd3 17. Bxd3 Bxd3 18. Bf4) 16... e6 $1 $17 17. Nde4 {[#]} Ne5 $1 18. Bxf4 (18. Bf1 Nfd3) 18... Nxc4 19. Bc1 Ne5 20. f4 Nd3 21. Re2 h6 22. Nf3 Bxe4 23. Rxe4 Rac8 24. Rb1 b5 {[%cal Ob5b4]} 25. Be3 a5 (25... Rd6 {is more complex.} 26. Bd2 b4 27. cxb4 Rc2 28. b5 Nc5) 26. Ne1 Nxe1 27. Rxe1 a4 {[%cal Oa4a3]} 28. a3 Rd5 29. Kf1 Rc6 30. Bc1 Kf8 31. Ke2 f5 32. Re3 Rcd6 33. g4 Kf7 34. Kf3 {[#]} (34. Rf3 $15) 34... Bf6 $1 {Hoping for ...Bh4.} 35. Kg3 {Prevents Bh4+.} g5 {...gxf4+ is the strong threat.} 36. R3e2 Rd3+ 37. Kg2 Rd1 38. Rxe6 {[#]} Rxc1 $1 39. Rxf6+ $1 Kxf6 ({Of course not} 39... Rxf6 40. Rxc1 fxg4 41. hxg4 $11) 40. Rxc1 fxg4 ({Reject} 40... gxf4 41. Kf3 $11) (40... Rd2+ $1 $15 41. Kg3 Rxb2) 41. fxg5+ $1 $11 {The position is equal.} Kxg5 $15 {[%mdl 4096] Endgame Threatens to win with ...Rd2+. KR-KR} 42. Rc2 {Inhibits Rd2+.} h5 43. hxg4 hxg4 44. c4 Rc6 45. c5 Kf4 46. Rc3 Ke4 47. b4 axb3 $1 48. Rxb3 Rxc5 49. a4 bxa4 50. Rb4+ Ke5 {Weighted Error Value: White=0.08 (flawless) /Black=0.04 (flawless)} 1/2-1/2

[Event "19th Delhi GM Open 2022"]
[Site "Delhi"]
[Date "2022.03.28"]
[Round "9.3"]
[White "Poormosavi, Seyed Kian"]
[Black "Gupta, Abhijeet"]
[Result "0-1"]
[WhiteElo "2229"]
[BlackElo "2628"]
[Annotator "TA"]
[PlyCount "93"]
[EventDate "2022.03.22"]
[EventType "swiss"]
[EventCountry "IND"]
[SourceTitle "playchess.com"]
[Source "ChessBase"]
[SourceQuality "1"]

{[%evp 17,93,0,0,0,0,0,3,0,0,0,0,0,0,-10,-2,0,-6,0,-5,-2,11,13,8,17,12,10,13,-82,-91,-77,-75,-91,-51,-52,-47,-50,-27,-37,-37,-54,-40,-60,-62,-62,-42,-88,-80,-76,-94,-83,-93,-90,-34,-28,-35,-30,0,0,0,-78,-79,-231,-238,-222,-162,-197,-175,-348,-348,-338,-306,-6095,-2975,-12839,-9964,-12837,-7120,-5631]} 1. e4 e5 2. Nf3 Nc6 3. Nc3 Nf6 4. d4 exd4 5. Nxd4 Bb4 6. Nxc6 bxc6 7. Bd3 d5 8. exd5 O-O 9. O-O cxd5 10. h3 {C47: Scotch Four Knights and Four Knights with 4 g3.} Rb8 11. Qf3 Rb6 $1 {[%mdl 4] is now more promising than 11...c6.} 12. Bg5 {The position is equal.} Bb7 {[#]} 13. Qf5 $146 ({Predecessor:} 13. Ne2 h6 14. Bh4 Re8 15. Rad1 g5 16. a3 Bf8 17. Bg3 c5 18. b3 d4 19. Qf5 Rxe2 20. Bxe2 {0-1 (28) Rublevsky,S (2637)-Artemiev,V (2700) Kazan 2022}) 13... g6 14. Qf4 Be7 {Threatens to win with ...d4.} 15. Rfe1 {[#]} Nh5 $1 16. Bxe7 Nxf4 17. Bxd8 Rxd8 18. Na4 Rb4 19. b3 Ne6 20. a3 Rf4 21. b4 Kf8 22. Nc5 (22. f3 $11 {keeps the balance.}) 22... Nxc5 $17 23. bxc5 Bc6 24. a4 Rb4 {To avoid Bb5} ({Much worse is} 24... Rxa4 25. Rxa4 Bxa4 26. Ra1 $11) 25. a5 $1 Re8 26. Red1 Reb8 27. a6 h5 28. Be2 d4 29. Rac1 Bb5 30. Bf3 Ba4 (30... Bxa6 31. Ra1 Bc4 32. Rxa7 $11) 31. Rd3 (31. Rd2 $1 $15) 31... Rb1 32. Rxb1 Rxb1+ {[%mdl 4096] Endgame KRB-KRB} 33. Kh2 Rb4 ({Of course not} 33... Bxc2 $6 34. Rxd4 Ke7 35. g4 $11) 34. c3 {[#]} Bb5 $1 35. cxb4 $15 Bxd3 {KB-KB} 36. Kg3 Bxa6 37. Kf4 Ke7 38. Ke4 (38. Ke5 $1 $11 {remains equal.}) 38... d3 $17 {Strongly threatening ...d2.} 39. Ke3 {[#] Loses the game.} (39. Kd4 $17 {might work better.}) 39... h4 $1 $19 40. Bc6 Bc4 41. Ba4 {[#]} Ke6 $1 {Hoping for ...g5.} 42. Kd4 $2 (42. g3 g5 43. gxh4 gxh4 44. Bd1) 42... Bd5 43. g3 g5 {[%cal Bg6g5,Bg5g4][%mdl 32] ...g4! is the strong threat.} 44. Kxd3 $2 (44. gxh4 d2 45. Ke3 gxh4 46. Kxd2) 44... g4 {Black is clearly winning.} 45. Bd1 f5 46. hxg4 h3 {( -> ...h2)} 47. Kd4 {Weighted Error Value: White=0.62/Black=0.06 (flawless)} 0-1

[Event "19th Delhi GM Open 2022"]
[Site "Delhi"]
[Date "2022.03.28"]
[Round "9.4"]
[White "Ponkratov, Pavel"]
[Black "Sethuraman, S.P."]
[Result "0-1"]
[WhiteElo "2641"]
[BlackElo "2619"]
[Annotator "TA"]
[PlyCount "78"]
[EventDate "2022.03.22"]
[EventType "swiss"]
[EventCountry "IND"]
[SourceTitle "playchess.com"]
[Source "ChessBase"]
[SourceQuality "1"]

{[%evp 12,78,34,14,15,0,0,0,33,33,30,0,0,0,0,0,0,0,0,0,0,0,0,0,0,0,-4,-48,-47,-50,-64,-67,-53,-134,-105,-148,-169,-205,-187,-258,-242,-220,-212,-231,-213,-304,-308,-371,-340,-355,-348,-530,-558,-740,-743,-697,-718,-981,-953,-2006,-1979,-1860,-1725,-1585,-2376,-29981,-29982,-29980,-29980]} 1. d4 d5 2. c4 e6 3. Nc3 Nf6 4. cxd5 Nxd5 5. e4 Nxc3 6. bxc3 c5 7. Rb1 Be7 {D35: Queen's Gambit Declined: Exchange Variation.} 8. Nf3 O-O 9. Bc4 a6 {The position is equal. is cutting edge theory.} 10. a4 Qc7 {And now ...cxd4 would win.} 11. d5 exd5 12. Bxd5 Nd7 13. O-O Nf6 14. c4 Nxd5 15. cxd5 Bd6 {[#] To avoid e5} 16. a5 $146 ({Predecessor:} 16. Re1 f6 17. Qb3 Re8 18. Ba3 Rb8 19. Qb6 Qxb6 20. Rxb6 Bc7 21. Rbb1 b6 22. a5 bxa5 {1-0 (75) Li,Y (2261)-Ning,K (2354) Zibo 2019}) 16... Re8 17. Re1 {[%cal Oe4e5]} Bg4 {[%cal Od6h2]} 18. h3 Bxf3 19. Qxf3 (19. gxf3 $11 {deserves consideration.} c4 20. Be3) 19... Qxa5 $15 {[%cal Ra5e1]} 20. Bf4 Bxf4 21. Qxf4 b5 22. Re3 {Black continues to play with concentration.} ({White should try} 22. d6 $15) 22... Qa4 23. h4 (23. Qf3 $142) 23... Qd4 $17 24. Qg4 c4 {[%cal Bc5c4,Bc4c3][%mdl 32]} 25. Rd1 (25. h5 $142) 25... Qb2 $19 {White must now prevent ...c3.} 26. Re2 Qf6 27. f4 h5 28. Qg3 (28. Qf3 $142) 28... b4 29. d6 c3 30. e5 Qf5 31. Qf3 (31. Ree1 $142) 31... Red8 32. e6 fxe6 33. Re5 Qg4 34. Qd3 Rac8 {Hoping for ...c2.} 35. Rg5 {[#]} Qxd1+ $3 {[%mdl 512]} 36. Qxd1 c2 37. Qc1 Rxd6 {( -> ...Rd1+)} 38. Kh2 Rd1 39. Qe3 {[#]} Rh1+ $3 {[%mdl 576] Skewer, Promotion.  Weighted Error Value: White=0.69/Black=0.02 (flawless)} 0-1